| 000 | 00354cam a2200145ua 4500 | ||
|---|---|---|---|
| 041 |
_aeng _h |
||
| 082 |
_a362.1 _bISA/PU |
||
| 100 | _aIsac, Peter . | ||
| 245 |
_apublic health engineering / _cIsac,Peter. _hTextual Documents |
||
| 260 |
_alondon : _bE&FN spon Ltd , _c1953. |
||
| 300 | _a277 ; . | ||
| 504 | _a | ||
| 942 | _cBK | ||
| 999 |
_c11907 _d11907 |
||